Elimination practice (Record no. 14352)
[ view plain ]
| 000 -LEADER | |
|---|---|
| fixed length control field | 01325nam a2200325Ia 4500 |
| 100 1# - MAIN ENTRY--AUTHOR NAME | |
| Personal name | Wang, Dongming. |
| 245 10 - TITLE STATEMENT | |
| Title | Elimination practice |
| 260 ## - PUBLICATION, DISTRIBUTION, ETC. (IMPRINT) | |
| Place of publication | London : |
| Name of publisher | Imperial College Press ; |
| Place of publication | Singapore ; |
| -- | River Edge, NJ : |
| Name of publisher | Distributed by World Scientific, |
| Year of publication | c2004. |
| 300 ## - PHYSICAL DESCRIPTION | |
| Number of Pages | viii, 222 p. : |
| Other physical details | ill. (some col.) |
| 650 #0 - SUBJECT ADDED ENTRY--TOPICAL TERM | |
| Topical Term | Elimination. |
| Topical Term | Polynomials. |
| Topical Term | Algebra |
| Topical Term | Computer algorithms. |
| Topical Term | Differential equations, Nonlinear. |
| 856 40 - ELECTRONIC LOCATION AND ACCESS | |
| Uniform Resource Identifier | http://site.ebrary.com/lib/rucke/Doc?id=10255930 |
No items available.
